English capped players outside of England in 2025/26 - Statistics

General Stats
  • This quiz has been taken 18 times
  • The average score is 12 of 20
Answer Stats
England Caps Current Club Player Name % Correct
109 Bayern Munich Harry Kane
100%
44 Real Madrid Jude Bellingham
100%
22 Atletico Madrid Conor Gallagher
89%
5 AC Milan Fikayo Tomori
89%
34 Real Madrid Trent Alexander-Arnold
89%
26 Cremonese Jamie Vardy
83%
64 Barcelona* Marcus Rashford
83%
10 AC Milan Ruben Loftus-Cheek
83%
49 Monaco Eric Dier
78%
32 Seoul Jesse Lingard
72%
1 Marseille Mason Greenwood
67%
7 Al-Ahli Ivan Toney
56%
9 Rangers Jack Butland
44%
11 Besiktas* Tammy Abraham
44%
13 Kanchanaburi Power Andros Townsend
28%
4 Marseille Angel Gomes
28%
21 Strasbourg Ben Chilwell
28%
5 Lyon Ainsley Maitland-Niles
22%
31 Al-Fayha Chris Smalling
22%
6 Arabian Falcons Jonjo Shelvey
17%
No matching quizzes found
Score Distribution
Percent of People with Each Score
Percentile by Number Answered
Your Score History
You have not taken this quiz